[Event "Budapest-chT1 Lilienthal 1213"]
[Site "Budapest"]
[Date "2013.02.03"]
[Round "7"]
[White "Kiss, Martin"]
[Black "Bodo, Lajos"]
[Result "1/2-1/2"]
[WhiteElo "1819"]
[BlackElo "1590"]
[PlyCount "69"]
[EventDate "2012.09.30"]
[EventType "team-tourn"]
[EventRounds "11"]
[EventCountry "HUN"]
[SourceTitle "EXT 2019"]
[Source "ChessBase"]
[SourceDate "2018.10.10"]
[SourceVersion "1"]
[SourceVersionDate "2018.10.10"]
[SourceQuality "1"]
[WhiteTeam "Budapest SENSE"]
[BlackTeam "Budapest Ujpest KSE"]
[WhiteTeamCountry "HUN"]
[BlackTeamCountry "HUN"]

1. e4 c6 2. d4 d5 3. Nc3 dxe4 4. Nxe4 Nd7 5. Nf3 Ngf6 6. Nxf6+ Nxf6 7. Bd3 Bg4 8. c3 e6 9. h3 Bh5 10. g4 Bg6 11. Bxg6 hxg6 12. Qb3 Qc7 13. g5 Nd5 14. Ne5 Bd6 15. f4 Rh4 16. c4 Nxf4 17. Qg3 Bxe5 18. Kf1 Rd8 19. Qxh4 Rxd4 20. Be3 Rxc4 21. Qh8+ Ke7 22. Rc1 Rxc1+ 23. Bxc1 Nh5 24. Kg2 Qd7 25. Rf1 Qd5+ 26. Rf3 Nf4+ 27. Bxf4 Bxf4 28. Qxg7 Qxg5+ 29. Kf1 Qe5 30. Qg8 Qb5+ 31. Kg1 Qc5+ 32. Kg2 Qc2+ 33. Rf2 Qe4+ 34. Rf3 Qe2+ 35. Rf2 1/2-1/2